[Event "GER-ch52 final email"]
[Site "GER email"]
[Date "2022.04.15"]
[Round "?"]
[White "Jung, Reiner"]
[Black "Hildebrand, Gerald"]
[Result "0-1"]
[WhiteElo "2380"]
[BlackElo "2390"]
[PlyCount "40"]
[EventDate "2022.??.??"]
[EventType "tourn (corr)"]
[EventRounds "14"]
[EventCountry "GER"]
[SourceTitle "Corr 2024"]
[Source "ChessBase"]
[SourceDate "2023.10.19"]
[SourceVersion "1"]
[SourceVersionDate "2023.10.19"]
[SourceQuality "1"]

1. d4 d5 2. c4 c6 3. Nf3 Nf6 4. Nc3 e6 5. e3 Nbd7 6. Qc2 Bd6 7. g4 Nxg4 8. Rg1 Qf6 9. Rxg4 Qxf3 10. Rxg7 Nf6 11. h3 Bd7 12. Bg2 Qh5 13. e4 dxe4 14. Be3 h6 15. Bxe4 0-0-0 16. Qe2 Qxh3 17. 0-0-0 Nxe4 18. Nxe4 Bb8 19. Ng3 Rhg8 20. Rxf7 Bxg3 0-1